| 000 | 00971nam a22002897a 4500 | ||
|---|---|---|---|
| 001 | 637 | ||
| 005 | 20250402101626.0 | ||
| 020 | _a0670855510 | ||
| 040 |
_aDLC _cDLC _dDLC _beng |
||
| 050 | 0 | 0 |
_aPZ7.L8432 _bFrl 1995 |
| 082 | 0 | 0 |
_a[E] _220 |
| 100 | 1 |
_aLondon, Jonathan, _d1947- |
|
| 245 | 1 | 0 |
_aFroggy learns to swim / _cby Jonathan London ; illustrated by Frank Remkiewicz. |
| 260 |
_aNew York : _bScholastic : _c1995. |
||
| 300 |
_a31 unnumbered pages : _bcolor illustrations ; _c21 x 25 cm. |
||
| 505 | _aF | ||
| 520 | _aFroggy is afraid of the water until his mother, along with his flippers, snorkle, and mask, help him learn to swim. | ||
| 521 |
_a380
_bLexile |
||
| 521 |
_aF
_bRaz-Plus |
||
| 650 | 1 |
_aSwimming _xFiction. |
|
| 650 | 1 |
_aFear _xFiction. |
|
| 650 | 1 |
_aFrogs _xFiction. |
|
| 650 | 1 |
_aMothers and sons _xFiction. |
|
| 700 | 1 |
_aRemkiewicz, Frank, _eillustrator. |
|
| 906 |
_a7 _bcbc _corignew _d1 _eocip _f19 _gy-gencatlg |
||
| 942 |
_2ddc _cBK _n0 |
||
| 999 |
_c637 _d637 |
||